Comuni della Provincia di Reggio Calabria - Statistics

Statistiche generali
  • Questo quiz è stato fatto 53 volte
  • Il punteggio medio è 36 su 97
Statistiche sulle risposte
Comune % Corretto
Reggio Calabria
83%
Gioia Tauro
78%
Africo
72%
Bova
72%
Locri
72%
Villa San Giovanni
67%
Bovalino
64%
Melito di Porto Salvo
64%
Palmi
64%
Bagnara Calabra
61%
Bianco
61%
Rosarno
58%
San Luca
58%
Siderno
58%
Taurianova
58%
Ardore
56%
Polistena
56%
Riace
56%
Roccella Ionica
56%
Roghudi
56%
Scilla
56%
Bova Marina
53%
Cittanova
53%
Monasterace
53%
Brancaleone
50%
Condofuri
50%
Motta San Giovanni
50%
Platì
50%
San Ferdinando
50%
Gerace
47%
Laureana di Borrello
47%
Mammola
47%
Oppido Mamertina
47%
Stilo
47%
Cinquefrondi
44%
Delianuova
44%
Melicuccà
44%
Palizzi
44%
San Lorenzo
44%
Caulonia
42%
Ferruzzano
42%
Casignana
39%
Antonimina
36%
Bivongi
36%
Bruzzano Zeffirio
36%
Canolo
36%
Agnana Calabra
33%
Benestare
33%
Caraffa del Bianco
33%
Rizziconi
33%
San Giorgio Morgeto
33%
Santa Cristina d'Aspromonte
33%
Ciminà
31%
Grotteria
31%
Samo
31%
San Giovanni di Gerace
31%
Sant'Agata del Bianco
31%
Sant'Ilario dello Ionio
31%
Careri
28%
Gioiosa Ionica
28%
Portigliola
28%
Sant'Eufemia d'Aspromonte
28%
Seminara
28%
Stignano
28%
Cardeto
25%
Martone
25%
Pazzano
25%
Roccaforte del Greco
25%
San Roberto
25%
Sinopoli
25%
Anoia
22%
Camini
22%
Campo Calabro
22%
Cosoleto
22%
Marina di Gioiosa Ionica
22%
Sant'Alessio in Aspromonte
22%
Bagaladi
19%
Calanna
19%
Candidoni
19%
Giffone
19%
Maropati
19%
Placanica
19%
San Procopio
19%
Santo Stefano in Aspromonte
19%
Scido
19%
Varapodio
19%
Fiumara
17%
Galatro
17%
Melicucco
17%
Terranova Sappo Minulio
17%
Feroleto della Chiesa
14%
Laganadi
14%
Molochio
14%
Serrata
14%
Staiti
14%
San Pietro di Caridà
11%
Montebello Jonico
8%
Nessun quiz corrispondente trovato
Distribuzione punteggi
Percentuale di utenti per punteggio
Percentile per numero di risposta
I tuoi punteggi nel tempo
Non hai fatto questo quiz